An introduction to language / (Record no. 5046)
[ view plain ]
| 000 -LEADER | |
|---|---|
| fixed length control field | 01068cam a2200337Ii 4500 |
| 003 - CONTROL NUMBER IDENTIFIER | |
| control field | OSt |
| 005 - DATE AND TIME OF LATEST TRANSACTION | |
| control field | 20220403171825.0 |
| 008 - FIXED-LENGTH DATA ELEMENTS--GENERAL INFORMATION | |
| fixed length control field | 220403b ||||| |||| 00| 0 eng d |
| 020 ## - INTERNATIONAL STANDARD BOOK NUMBER | |
| International Standard Book Number | 9781337559577 |
| 040 ## - CATALOGING SOURCE | |
| Transcribing agency | Alupe University |
| 050 ## - LIBRARY OF CONGRESS CALL NUMBER | |
| Classification number | P106 |
| Item number | .F75 2017 |
| 100 1# - MAIN ENTRY--PERSONAL NAME | |
| Personal name | Fromkin, Victoria, |
| 245 13 - TITLE STATEMENT | |
| Title | An introduction to language / |
| Statement of responsibility, etc. | Victoria Fromkin, Robert Rodman, Nina Hyams. |
| 250 ## - EDITION STATEMENT | |
| Edition statement | Eleventh edition. |
| 260 ## - PUBLICATION, DISTRIBUTION, ETC. | |
| Place of publication, distribution, etc. | Boston : |
| Name of publisher, distributor, etc. | Cengage, |
| Date of publication, distribution, etc. | 2017. |
| 264 #4 - PRODUCTION, PUBLICATION, DISTRIBUTION, MANUFACTURE, AND COPYRIGHT NOTICE | |
| Date of production, publication, distribution, manufacture, or copyright notice | ©2017 |
| 300 ## - PHYSICAL DESCRIPTION | |
| Extent | xx, 524 pages : |
| Other physical details | illustrations ; |
| Dimensions | 23 cm. |
| 336 ## - CONTENT TYPE | |
| Content type term | text |
| Content type code | txt |
| Source | rdacontent |
| 337 ## - MEDIA TYPE | |
| Media type term | unmediated |
| Media type code | n |
| Source | rdamedia |
| 338 ## - CARRIER TYPE | |
| Carrier type term | volume |
| Carrier type code | nc |
| Source | rdacarrier |
| 500 ## - GENERAL NOTE | |
| General note | Includes bibliographical references and index. |
| 650 #0 - SUBJECT ADDED ENTRY--TOPICAL TERM | |
| Topical term or geographic name entry element | Language and languages. |
| 650 #0 - SUBJECT ADDED ENTRY--TOPICAL TERM | |
| Topical term or geographic name entry element | Linguistics. |
| 700 1# - ADDED ENTRY--PERSONAL NAME | |
| Personal name | Rodman, Robert. |
| Relator term | author. |
| 700 1# - ADDED ENTRY--PERSONAL NAME | |
| Personal name | Hyams, Nina M., |
| Dates associated with a name | 1952- |
| Relator term | author. |
| 856 ## - ELECTRONIC LOCATION AND ACCESS | |
| Uniform Resource Identifier | http://172.30.46.200/cgi-bin/koha/opac-retrieve-file.pl?id=e13e56c0daeb6d3994885033b7b3c2d8 |
| 930 #1 - EQUIVALENCE OR CROSS-REFERENCE-UNIFORM TITLE HEADING [LOCAL, CANADA] | |
| Medium | P107 |
| 930 #1 - EQUIVALENCE OR CROSS-REFERENCE-UNIFORM TITLE HEADING [LOCAL, CANADA] | |
| Medium | P107 |
| 930 #1 - EQUIVALENCE OR CROSS-REFERENCE-UNIFORM TITLE HEADING [LOCAL, CANADA] | |
| Medium | P107 |
| 942 ## - ADDED ENTRY ELEMENTS (KOHA) | |
| Source of classification or shelving scheme | |
| Koha item type | e-book |
| Suppress in OPAC | MW |
| Withdrawn status | Lost status | Source of classification or shelving scheme | Damaged status | Not for loan | Permanent Location | Current Location | Shelving location | Date acquired | Total Checkouts | Full call number | Date last seen | Price effective from | Koha item type | Public note |
|---|---|---|---|---|---|---|---|---|---|---|---|---|---|---|
| AU LIBRARY | AU LIBRARY | Virtual Library | 03.04.2022 | P106 .F75 2017 | 03.04.2022 | 03.04.2022 | e-book | MW |